Culture Générale - Série 1802 - Statistiques

Statistiques générales
  • Ce quiz a été pris 91 fois
  • Le résultat moyen est 2 sur 10
Statistiques - réponses
Question Réponse % Correct
Ce mot désigne à la fois un plat de cuisson et une spécialité culinaire provençale. tian
57%
Quelle rivière longue de 323 km arrose la ville de Briançon (05) ? Durance
41%
Qui a écrit la pièce en cinq actes "Suréna", en 1674 ? Corneille
30%
Dans la célèbre partie de cartes de Marcel Pagnol, il y avait : César, Panisse, Mr Brun et ... ? Escartefigue
30%
Quel nom donne-t-on à un papier très blanc et de pâte très fine, non vergé ? vélin
24%
Quel nom (2 mots) désigne le procédé de gravure en taille-douce sur une plaque métallique à l'aide d'un mordant chimique (un acide) ? eau forte
22%
Dans quelle ville française est né le chanteur Gilbert Bécaud ? Toulon
18%
Quel nom donne-t-on au minerai de fer de Lorraine ? minette
10%
Quel était le prénom de ce quatrième personnage ? Félix
5%
Comment appelle-t-on la maladie infectieuse et contagieuse où la peau est enflammée, gonflée ? érésipèle
4%
Aucun quiz correspondant
Distribution des résultats
% des personnes avec chaque résultat
Percentile par nombre de réponses
Votre historique - résultats
Vous n’avez pas pris ce quiz